League of Legends Pictures Quiz - Statistics

General Stats
  • This quiz has been taken 259 times
  • The average score is 23 of 30
Answer Stats
Picture Answer % Correct
Lux
98%
Infinity Edge
97%
Karthus
97%
Kassadin
97%
Singed
97%
Ahri
95%
Murkwolf
95%
Renata Glasc
93%
Camille
92%
Kindred
92%
Kled
92%
Void Staff
92%
Blue Sentinel
89%
Elder Dragon
89%
Control Ward
87%
Ocean Drake
84%
Jak'Sho, the Protean
76%
Raptor
76%
Frostfire Gauntlet
74%
Hallucinate
73%
Krugs
73%
Plated Steelcaps
67%
Oblivion Orb
62%
Horizon Focus
61%
Obliterate
61%
Divine Sunderer
60%
Rebirth
53%
Hymn of Valor
50%
Bandleglass Mirror
29%
Scorchclaw Pup
20%
No matching quizzes found
Score Distribution
Percent of People with Each Score
Percentile by Number Answered
Your Score History
You have not taken this quiz